000 00272nam a2200121Ia 4500
008 230917s9999||||xx |||||||||||||| ||und||
040 _e123451
_aMAIN
041 _aEnglish
082 _a658.1511 M698M
100 _aMittal
245 0 _aManagement accounting
942 _cBK
999 _c52786
_d52786